|
|
|
|
| LEADER |
00652nam a2200205Ia 4500 |
| 001 |
CTU_128125 |
| 008 |
210402s9999 xx 000 0 und d |
| 020 |
|
|
|c 1320000
|
| 082 |
|
|
|a 611.0022
|
| 082 |
|
|
|b A881
|
| 100 |
|
|
|a Moses, Kenneth P. ... [et al.]
|
| 245 |
|
0 |
|a Atlas of clinical gross anatomy
|
| 245 |
|
0 |
|c Kenneth P. Moses ... [et al.]; prosections of the head, neck, and trunk prepared by Martein Moningka.
|
| 260 |
|
|
|a [Edinburgh ; New York]
|
| 260 |
|
|
|b Elsevier Mosby
|
| 260 |
|
|
|c 2005
|
| 650 |
|
|
|a Human anatomy,Anatomy
|
| 650 |
|
|
|x Atlases.,Atlases.
|
| 904 |
|
|
|i Minh
|
| 980 |
|
|
|a Trung tâm Học liệu Trường Đại học Cần Thơ
|